| 000 | 01089nam a2200325 a 4500 | ||
|---|---|---|---|
| 001 | vtls000137858 | ||
| 003 | NLI | ||
| 005 | 20210601211641.0 | ||
| 008 | 101125s2003 enk 001 0 eng | ||
| 020 |
_a0195663225 : _cRs. 395.00 |
||
| 039 | 9 |
_y201011251453 _zVLOAD |
|
| 040 |
_aNLI _beng _cDatasoft 1 _eAACR2 |
||
| 041 | 0 | _aeng | |
| 044 | _aenk | ||
| 082 | 0 | 4 | _a929.754 |
| 245 | 0 | 0 |
_aRobes of honour : _bkhil'at in pre-colonial and colonial India / _cedited by Stewart Gordon |
| 260 |
_aOxford : _bThe University Press, _cc2003 |
||
| 300 |
_avi, 154 p. ; _c22 cm. |
||
| 500 | _aIncludes index | ||
| 650 | 0 |
_aNobility _zIndia _9272370 |
|
| 650 | 0 |
_aPolitical customs and rites _zIndia _9279770 |
|
| 650 | 0 |
_aRites and ceremonies _zIndia _9201641 |
|
| 700 | 1 |
_aGordon, Stewart, _d1945-, _4edt _9279771 |
|
| 887 | _a | ||
| 901 |
_aDB88256 _b21.3.03 |
||
| 902 | _aE 929.754 R 549 | ||
| 949 |
_AVIRTUAITEM _D10000 _X100 _6DBA000088256ENG |
||
| 942 |
_2ddc _cBKS |
||
| 999 |
_aVIRTUA40 _c143409 _d143409 |
||
| 999 | _aVTLSSORT0080*0200*0400*0410*0440*0820*2450*2600*3000*5000*6500*6501*6502*7000*9010*9020*9490*9991 | ||